Mascaras tradicionales festivas del Valle Central de Costa Rica (Registro nro. 12544)
[ vista simple ]
| 000 -CABECERA | |
|---|---|
| campo de control de longitud fija | 00547nam a22001937a 4500 |
| 005 - FECHA Y HORA DE ACTUALIZACIÓN | |
| campo de control | 20200110155324.0 |
| 008 - LONGITUD FIJA | |
| campo de control de longitud fija | 200110b xxu||||| |||| 00| 0 spa d |
| 041 ## - IDIOMA | |
| Código de idioma del texto/pista de sonido o título separado | |
| 082 ## - CLASIFICACIÓN DECIMAL DEWEY | |
| Número de clasificación | 398 C8375m |
| 245 ## - TÍTULO PROPIAMENTE DICHO | |
| Título | Mascaras tradicionales festivas del Valle Central de Costa Rica |
| 260 ## - PIE DE IMPRENTA | |
| Lugar de publicación, distribución, etc. | Costa Rica |
| 260 ## - PIE DE IMPRENTA | |
| Nombre del editor, distribuidor, etc. | Ministerio de Cultura Juventud y Deportes |
| 260 ## - PIE DE IMPRENTA | |
| Fecha de publicación, distribución, etc. | 1991 |
| 300 ## - DESCRIPCIÓN FÍSICA | |
| Extensión | 64 páginas |
| 650 ## - Materia General | |
| Materia general | FOLKORE COSTARRICENSE |
| 650 ## - Materia General | |
| Materia general | MASCARADAS TRADICIONALES |
| 650 ## - Materia General | |
| Materia general | FESTIVIDADES |
| 942 ## - Punto de Acceso Adicional Koha | |
| Tipo de ítem Koha | Libro |
| Estado perdido | Estado dañado | No para préstamo | Biblioteca permanente | Biblioteca actual | Signatura completa | Código de barras | Precio efectivo a partir del | Tipo de ítem |
|---|---|---|---|---|---|---|---|---|
| Departamento de Biblioteca y Documentación Alfonso Chase Brenes | Departamento de Biblioteca y Documentación Alfonso Chase Brenes | 398 C8375m | 22677 | 10/01/2020 | Libro | |||
| Departamento de Biblioteca y Documentación Alfonso Chase Brenes | Departamento de Biblioteca y Documentación Alfonso Chase Brenes | 398 C8375m | 6091 | 10/01/2020 | Libro |